| 000 | 00633nam a2200229 a 4500 | ||
|---|---|---|---|
| 005 | 20240919064604.0 | ||
| 008 | 090810s2005 mx r 000 0 spa d | ||
| 020 | _a8475563805 | ||
| 035 | _aUPN01000171793 | ||
| 049 | _aCG | ||
| 050 | 4 |
_aQH541 _bG5.2 |
|
| 100 | 1 | _aGiraldo, Javier | |
| 245 | 1 | 0 |
_a105 ideas clave de ecología / _cJavier Giraldo y Teo Gómez. |
| 260 |
_aBarcelona, Esp. : _bOceano, _c2005. |
||
| 300 |
_a206 p. : _bil. |
||
| 440 | 0 | _aAmbar | |
| 650 | 4 |
_aEcología _95860 |
|
| 650 | 2 |
_aMedio ambiente _95286 |
|
| 650 | 4 |
_aEducación ambiental _94338 |
|
| 700 | 1 |
_aGómez, Teo, _ecoaut. _939348 |
|
| 905 | _aLibro | ||
| 999 |
_c143897 _d143897 |
||